Hệ thống hóa văn bản pháp luật về ngân hàng
Sách giới thiệu các văn bản pháp luật hiện hành bao gồm 5 phần chính: tổ chức, tín dụng, ngoại hối, thanh toán - kế toán và thanh tra - pháp chế
Shranjeno v:
| Format: | Knjiga |
|---|---|
| Jezik: | Undetermined |
| Izdano: |
Hà Nội
Chính trị Quốc gia
1998
|
| Teme: | |
| Oznake: |
Označite
Brez oznak, prvi označite!
|
| Thư viện lưu trữ: | Trung tâm Học liệu Trường Đại học Cần Thơ |
|---|
| LEADER | 00835nam a2200205Ia 4500 | ||
|---|---|---|---|
| 001 | CTU_25282 | ||
| 008 | 210402s9999 xx 000 0 und d | ||
| 020 | |c 73000 | ||
| 082 | |a 346.597082 | ||
| 082 | |b H250/T.7 | ||
| 245 | 0 | |a Hệ thống hóa văn bản pháp luật về ngân hàng | |
| 245 | 0 | |c Ngân hàng Nhà nước Việt Nam | |
| 260 | |a Hà Nội | ||
| 260 | |b Chính trị Quốc gia | ||
| 260 | |c 1998 | ||
| 520 | |a Sách giới thiệu các văn bản pháp luật hiện hành bao gồm 5 phần chính: tổ chức, tín dụng, ngoại hối, thanh toán - kế toán và thanh tra - pháp chế | ||
| 650 | |a Banking law,Banks and banking | ||
| 650 | |z Vietnam | ||
| 904 | |i Nguyên sửa | ||
| 980 | |a Trung tâm Học liệu Trường Đại học Cần Thơ | ||